Statistiche per Maggior numero di Vittorie in Formula 1

Clicka qui per fare il quiz!

Statistiche generali

  • Questo quiz è stato fatto 9 volte
  • Il punteggio medio è 14 su 17

Statistiche sulle risposte

NazioneGran premi vintiPilota% Corretto
Francia51Alain Prost
100%
Brasile41Ayrton Senna
100%
Spagna32Fernando Alonso
100%
Finlandia21Kimi Räikkönen
100%
Regno Unito103Lewis Hamilton
100%
Paesi Bassi49Max Verstappen
100%
Germania91Michael Schumacher
100%
Germania23Nico Rosberg
100%
Austria25Niki Lauda
100%
Germania53Sebastian Vettel
100%
Argentina24Juan Manuel Fangio
86%
Finlandia20Mika Häkkinen
86%
Regno Unito27Jackie Stewart
57%
Brasile23Nelson Piquet
57%
Regno Unito31Nigel Mansell
43%
Regno Unito22Damon Hill
29%
Regno Unito25Jim Clark
14%

Distribuzione punteggi

Percentile per numero di risposta

Percentuale di utenti per punteggio

I tuoi punteggi nel tempo

Non hai fatto questo quiz